Govt. of
Madhya Pradesh

Nirmal Kumar Bose (Record no. 13667)

MARC details
000 -LEADER
fixed length control field 004930000a22001930004500
001 - CONTROL NUMBER
control field 001750
003 - CONTROL NUMBER IDENTIFIER
control field MACL
005 - DATE AND TIME OF LATEST TRANSACTION
control field 20150908132053.0
008 - FIXED-LENGTH DATA ELEMENTS--GENERAL INFORMATION
fixed length control field 150908b xxu||||| |||| 00| 0 eng d
040 ## - CATALOGING SOURCE
Original cataloging agency MACL
Transcribing agency MACL
041 ## - LANGUAGE CODE
Language code of text/sound track or separate title English
082 ## - DEWEY DECIMAL CLASSIFICATION NUMBER
Classification number 805/SEN
100 ## - MAIN ENTRY--PERSONAL NAME
Personal name Sen, Tulika
9 (RLIN) 9242
245 ## - TITLE STATEMENT
Title Nirmal Kumar Bose
Remainder of title Life, Works And Vision
Statement of responsibility, etc. Tulika Sen
260 ## - PUBLICATION, DISTRIBUTION, ETC. (IMPRINT)
Place of publication, distribution, etc. Kolkata
Date of publication, distribution, etc. 2003
Name of publisher, distributor, etc. The Asiatic Society,
350 ## - PRICE (NR) (BK AM CF MU VM SE) [OBSOLETE]
Price 360
650 ## - SUBJECT ADDED ENTRY--TOPICAL TERM
Topical term or geographic name as entry element Serial Publication
9 (RLIN) 330
942 ## - ADDED ENTRY ELEMENTS (KOHA)
Call number prefix 805
Koha item type Books
Source of classification or shelving scheme
Holdings
Withdrawn status Lost status Source of classification or shelving scheme Damaged status Not for loan Home library Current library Date acquired Cost, normal purchase price Total Checkouts Full call number Barcode Date last seen Uniform Resource Identifier Price effective from Koha item type
          MACL MACL 15/04/2015 360.00   805/SEN CRE017992 02/05/2024 13545 15/04/2015 Books